Catálogo
 En Linea

Lecturas selectas / (Registro nro. 37430)

Detalles MARC
000 -CABECERA
campo de control de longitud fija 00656nam a2200205 a 4500
001 - NÚMERO DE CONTROL
campo de control 000037940
003 - IDENTIFICADOR DEL NÚMERO DE CONTROL
campo de control OSt
005 - FECHA Y HORA DE LA ÚLTIMA TRANSACCIÓN
campo de control 20240316073905.0
008 - DATOS DE LONGITUD FIJA--INFORMACIÓN GENERAL
campo de control de longitud fija 130311s1994 dr r 000 0 spa d
040 ## - FUENTE DE LA CATALOGACIÓN
Centro catalogador/agencia de origen DO-SdBNP
Lengua de catalogación spa
Centro/agencia transcriptor BNPHU
082 ## - NÚMERO DE LA CLASIFICACIÓN DECIMAL DEWEY
Número de clasificación xxxx
Número de documento/Ítem D542l
100 1# - ENTRADA PRINCIPAL--NOMBRE DE PERSONA
Nombre de persona Díaz Castillo, Bienvenido
9 (RLIN) 22529
245 10 - MENCIÓN DE TÍTULO
Título Lecturas selectas /
Mención de responsabilidad, etc. Bienvenido Díaz Castillo ; prólogo Marcio Veloz Maggiolo.
250 ## - MENCIÓN DE EDICIÓN
Mención de edición 6a ed.
260 ## - PUBLICACIÓN, DISTRIBUCIÓN, ETC.
Lugar de publicación, distribución, etc. Santo Domingo :
Nombre del editor, distribuidor, etc. Publicaciones del Economato Universitario,
Fecha de publicación, distribución, etc. 1994.
300 ## - DESCRIPCIÓN FÍSICA
Extensión 201 p. ;
Dimensiones 22 cm.
590 ## - NOTA LOCAL (RLIN)
Nota local Inventariado, 2020 /LP
700 1# - PUNTO DE ACCESO ADICIONAL--NOMBRE DE PERSONA
Nombre de persona Veloz Maggiolo, Marcio,
Fechas asociadas al nombre 1936-2021
Término indicativo de función/relación pról.
9 (RLIN) 1104
942 ## - ELEMENTOS DE PUNTO DE ACCESO ADICIONAL (KOHA)
Fuente del sistema de clasificación o colocación Dewey Decimal Classification
Tipo de ítem Koha Libro
Existencias
Estado de retiro Estado de pérdida Restricciones de uso No para préstamo Código de colección Localización permanente Ubicación/localización actual Ubicación en estantería Fecha de adquisición Número de inventario Total de préstamos Signatura topográfica completa Código de barras Fecha visto por última vez Número de copia Precio válido a partir de Tipo de ítem Koha Fuente del sistema de clasificación o colocación Fuente de adquisición
  Extraviado     Dominicana de Servicio General General Extraviado 28.01.2015 LF1   xxxx D542l 37940-30 25.06.2020 e.3 25.06.2020 Libro y Folleto Colección Dominicana de Servicio    
  Extraviado     Dominicana de Servicio General General Extraviado 14.04.2015 LF1   xxxx D542l 37940-40 25.06.2020 e.4 25.06.2020 Libro y Folleto Colección Dominicana de Servicio    
  Extraviado     Dominicana de Servicio General General Extraviado 14.12.2018 LF1   xxxx D542l 37940-50 25.06.2020 e.5 25.06.2020 Libro y Folleto Colección Dominicana de Servicio    
    Excluido de préstamo Excluido de préstamo Patrimonio Dominicano Biblioteca Nacional Pedro Henríquez Ureña Patrimonio Dominicano Depósito 11.03.2013 LF1   D542l 37940-10 25.06.2020   25.06.2020 Libro y Folleto Colección Patrimonio Dominicano Dewey Decimal Classification FUNDI
    Excluido de préstamo Préstamo restrigido Patrimonio Dominicano Biblioteca Nacional Pedro Henríquez Ureña Patrimonio Dominicano Depósito 22.04.2013 LF1   xxxx D542l 37940-20 25.06.2020 e.2 25.06.2020 Libro y Folleto Colección Patrimonio Dominicano Dewey Decimal Classification  

Con tecnología Koha